Responses for Show #4446 - Monday, December 29, 2003

Game data retrieved from an alternate archive.

Contestants

[<< previous game]

Riki Swanson, an economist from Arlington, Virginia

Chris Stansfield, a bartender from New York, New York

John Salmon, a computer programmer from Altadena, California (whose 1-day cash winnings total $31,200)

[next game >>]

Jeopardy! Round responses

ROBERT E. LEE
TELEVISION & THE '60s
WHIRLED CAPITALS
AIRLINE CARRY-ON NO-NOs
KEEPING UP WITH THE JONESES
WHAT THE "L"?!
    $200 26
West Point

Chris
    $200 3
Gilligan's Island

Chris
    $200 1
London

Riki
    $200 12
scissors

John
    $200 14
John Paul Jones

John
    $200 19
Lincoln

Riki
    $400 27
John Brown

Chris
    $400 4
Happy Days

Chris
    $400 2
Vienna

John
    $400 9
arrows

Riki
    $400 16
George Jones

Riki
    $400 15
legend

Chris
    $600 28
Stone Mountain

John
    $600 5
Today

Chris
    $600 8
Paris

John
    $600 21
dynamite

John
    $600 13
Grace Jones

Chris
    $600 20
LSD

John
    $200 29
[John's response is not known.]

Arlington National Cemetery

John
    $800 6
That Girl

Chris
    $800 10
Prague

Triple Stumper
    $800 23
eyeglasses

John
    $800 17
Mother Jones

Chris
    $800 22
Lubbock

John
    $1000 30
Traveler

Triple Stumper
    $1000 7
China Beach

Riki
    $1000 11
Helsinki

Riki
    $1000 24
a starter's pistol

Chris
    $1000 18
James Jones

Triple Stumper
    $1000 25
Lawrencium

John

Scores at the first commercial break (after clue 15):

John Chris Riki
$1,400 $3,000 $2,600

Scores at the end of the Jeopardy! Round:

John Chris Riki
$5,600 $5,400 $3,200

Double Jeopardy! Round responses

INTELLECTUAL PURSUITS
SONGS FROM MUSICALS
THE UNITED NATIONS
LET ME HAVE YOUR ADDRESS
WOMEN AUTHORS
ALLITERATION
    $400 6
an encyclopedia

John
    $400 1
Chicago

Riki
    $400 12
(Chris: What is the Hudson?)

the East River

JohnChris
    $400 17
(John: What is Your Royal Highness?)

Your Majesty

JohnRiki
    $400 21
Polish

Chris
    $400 26
(Chris: What are awesome appetizers?)

finger food

ChrisRiki
    $800 7
codes

Chris
    $800 2
Peter Pan

Chris
    $800 11
the World Court

Chris
    $800 16
My Lord

Riki
    $800 22
Jane Austen

Riki
    $800 27
(Chris: What is cross-country skiing?)

spring skiing

Chris
Triple Stumper
    $1200 8
dimensions

John
    $1200 3
Camelot

Chris
    $1200 13
veto power

Chris
    $1200 18
Madam President

Chris
    $3,000 23
Simone De Beauvoir

Riki
    $1200 28
mass market

Riki
    $1600 9
Sanskrit

Chris
    $2,000 4
(Chris: What is Kiss Me, Kate?)

The Producers

Chris
    $1600 14
the International Atomic Energy Agency

John
    $1600 19
(John: What is their first name?)

branch of service

JohnChris
    $1600 24
Helen Hunt

Triple Stumper
    $1600 29
polo ponies

John
    $2000 10
black holes

John
    $2000 5
Sweet Charity

Chris
    $2000 15
(John: What is Nicaragua?)
(Riki: What is Angola?)

El Salvador

JohnRiki
Triple Stumper
    $2000 20
Venerable

Riki
    $2000 25
Alice Munro

Triple Stumper
    $2000 30
ducks and drakes

Triple Stumper

Scores at the end of the Double Jeopardy! Round:

John Chris Riki
$8,800 $13,400 $10,200

[wagering suggestions for these scores]

Final Jeopardy! Round responses

FOODSTUFFS
JohnWhat is nori?
$2,399
RikiWhat is ginger?
$8,000
ChrisWhat is horseradish?
$8,000
horseradish

Final scores:

John Chris Riki
$6,401 $21,400 $2,200
2nd place: $2,000 New champion: $21,400 3rd place: $1,000

Game dynamics:

Coryat scores:

John Chris Riki
$9,000 $15,400 $8,400
16 R,
4 W
(including 1 DD)
20 R,
4 W
(including 1 DD)
14 R
(including 1 DD),
1 W

Combined Coryat: $32,800

[game clues] [game scores] [suggest correction]

Game tape date: 2003-10-28
The J! Archive is created by fans, for fans. Scraping, republication, monetization, and malicious use prohibited; this site may use cookies and collect identifying information. See terms. The Jeopardy! game show and all elements thereof, including but not limited to copyright and trademark thereto, are the property of Jeopardy Productions, Inc. and are protected under law. This website is not affiliated with, sponsored by, or operated by Jeopardy Productions, Inc. Join the discussion at JBoard.tv.